| 000 | 00687cam a2200229 4500 | ||
|---|---|---|---|
| 005 | 20260322212047.0 | ||
| 008 | data | ||
| 010 | _a 68027297 | ||
| 040 |
_aDLC _cDLC _dDLC |
||
| 050 | 0 | 0 |
_aDS822.2 _b.L4 |
| 082 | 0 | 0 | _a915.2/03 |
| 092 | _a915.2 L4 1968 | ||
| 245 | 0 | 0 |
_aEarly Japan, _cedited by Jonathan Norton Leonard & Time-Life Books. |
| 260 |
_aNew York, _bTime-Life Books _c[1968] |
||
| 300 |
_a191 p. _billus. (part col.), col. maps. _c28 cm. |
||
| 490 | 0 | _aGreat ages of man; a history of the world's cultures | |
| 504 | _aBibliography: p. 186. | ||
| 651 | 0 |
_aJapan _xCivilization. |
|
| 700 | 1 |
_aLeonard, Jonathan Norton, _d1903-1975. |
|
| 710 | 2 | _aTime-Life Books. | |
| 001 | data | ||
| 999 |
_c1098 _d1098 |
||